Propuestas a la nación

Guardat en:
Dades bibliogràfiques
Autor corporatiu: Academias Nacionales de Venezuela (Autor)
Format: Llibre
Idioma:espanyol
Publicat: Caracas Academias Nacionales de Venezuela 2011
Matèries:
Etiquetes: Afegir etiqueta
Sense etiquetes, Sigues el primer a etiquetar aquest registre!

MARC

LEADER 00000cam a2200000 a 4500
001 UCF1000
003 CL-VaPUC
008 120614e20110700VE |||||||||||||||||spa|d
020 |a 9789803360221 
082 0 4 |a 371.01  |b ACA  |2 21 
110 2 |a Academias Nacionales de Venezuela  |e author  |9 562681 
245 1 0 |a Propuestas a la nación 
300 |a 397 p 
942 |c BK 
945 |d 20120614 00:00:00  |a dcastane 
260 |a Caracas  |b Academias Nacionales de Venezuela  |c 2011 
650 7 |a INFORMACION EDUCACIONAL  |2 CL-VaPUC  |9 335085 
650 0 |a Sistemas educacionales  |9 324695 
651 0 |a Venezuela  |9 254993 
583 |a last modification  |c 20160105 10:58:49  |k Rodrigo Vera 
999 |c 348023  |d 348021 
952 |0 0  |1 0  |4 0  |6 371_010000000000000_ACA_2011  |7 0  |8 A  |9 449878  |a BIBGIM  |b BIBGIM  |d 2019-11-22  |i 4842669  |o 371.01 ACA 2011  |p 4842669  |r 2025-01-15  |w 2019-11-22  |y BK  |k GIM